Estatísticas para Países da bacia do rio Nilo em um mapa

Clique aqui para jogar o quiz

Estatísticas Gerais

  • Esse quiz foi jogado 1 407 vezes
  • A pontuação média é 10 de 11

Respostas no mapa

Respostas codificadas por cores de uma escala verde-vermelha no mapa do quiz de acordo com a % correta abaixo.
 

Estatísticas das Respostas

País% Correto
Egito
100%
Sudão
95%
Etiópia
93%
Sudão do Sul
93%
República Democrática
do Congo
89%
Eritreia
88%
Quênia
87%
Tanzânia
85%
Uganda
85%
Ruanda
83%
Burundi
77%

Distribuição das Pontuações

Percentil de Números Respondidos

Porcentagem de Pessoas com Cada Pontuação

Sua Pontuação Histórica

Você não jogou esse quiz